McCracken's Removable Partial Prosthodontics. (Record no. 16771)
[ view plain ]
| 000 -LEADER | |
|---|---|
| fixed length control field | 02421cam a22003257a 4500 |
| 001 - CONTROL NUMBER | |
| control field | 16218249 |
| 005 - DATE AND TIME OF LATEST TRANSACTION | |
| control field | 20130129141459.0 |
| 008 - FIXED-LENGTH DATA ELEMENTS--GENERAL INFORMATION | |
| fixed length control field | 100505s2011 moua b 001 0 eng |
| 020 ## - INTERNATIONAL STANDARD BOOK NUMBER | |
| International Standard Book Number | 0323069908 |
| 020 ## - INTERNATIONAL STANDARD BOOK NUMBER | |
| International Standard Book Number | 9780323069908 |
| 040 ## - CATALOGING SOURCE | |
| Original cataloging agency | NLM |
| Transcribing agency | NLM |
| Modifying agency | UKM |
| -- | JAA |
| -- | YDXCP |
| -- | COU |
| -- | NUI |
| -- | VET |
| -- | TULIB |
| -- | DLC |
| 082 04 - DEWEY DECIMAL CLASSIFICATION NUMBER | |
| Classification number | 617.692 |
| Edition number | 22 |
| Item number | MCC |
| 100 1# - MAIN ENTRY--PERSONAL NAME | |
| Personal name | McCracken, William L. |
| 9 (RLIN) | 30138 |
| 245 10 - TITLE STATEMENT | |
| Title | McCracken's Removable Partial Prosthodontics. |
| 246 30 - VARYING FORM OF TITLE | |
| Title proper/short title | Removable partial prosthodontics |
| 250 ## - EDITION STATEMENT | |
| Edition statement | 12th ed. / |
| Remainder of edition statement | Alan B. Carr, David T. Brown. |
| 260 ## - PUBLICATION, DISTRIBUTION, ETC. (IMPRINT) | |
| Place of publication, distribution, etc | St. Louis, Mo.: |
| Name of publisher, distributor, etc | Elsevier Mosby, |
| Date of publication, distribution, etc | c2011. |
| 300 ## - PHYSICAL DESCRIPTION | |
| Extent | xi, 385 p. : |
| Other physical details | ill. (chiefly col.) ; |
| Dimensions | 29 cm. |
| 504 ## - BIBLIOGRAPHY, ETC. NOTE | |
| Bibliography, etc | Includes bibliographical references (p. 349-370) and index. |
| 505 0# - FORMATTED CONTENTS NOTE | |
| Formatted contents note | Partially edentulous epidemiology, physiology, and terminology -- Consideration for managing partial tooth loss : tooth replacements from the patient perspective -- Classification of partially edentulous arches -- Biomechanics of removable partial dentures -- Major and minor connectors -- Rests and rest seats -- Direct retainers -- Indirect retainers -- Denture base considerations -- Principles of removable partial denture design -- Surveying -- Diagnosis and treatment planning -- Preparation of the mouth for removable partial dentures -- Preparation of abutment teeth -- Impression materials and procedures for removable partial dentures -- Support for the distal extension denture base -- Occlusal relationships for removable partial dentures -- Laboratory procedures -- Work authorizations for removable partial dentures -- Initial placement, adjustment, and servicing of the removable partial denture -- Relining and rebasing the removable partial denture -- Repairs and additions to removable partial dentures -- Interim removable partial dentures -- Removable partial denture considerations in maxillofacial prosthetics -- Considerations for the use of dental implants with removable partial dentures. |
| 541 ## - IMMEDIATE SOURCE OF ACQUISITION NOTE | |
| Source of acquisition | Donation from Baccah |
| 650 #0 - SUBJECT ADDED ENTRY--TOPICAL TERM | |
| Topical term or geographic name as entry element | Partial dentures, Removable. |
| 9 (RLIN) | 30139 |
| 650 12 - SUBJECT ADDED ENTRY--TOPICAL TERM | |
| Topical term or geographic name as entry element | Denture, Partial, Removable. |
| 9 (RLIN) | 30140 |
| 653 ## - INDEX TERM--UNCONTROLLED | |
| Resource For college | |
| Arrived date list | June2012 |
| -- | January2013 |
| 700 1# - ADDED ENTRY--PERSONAL NAME | |
| Personal name | Brown, David T. |
| Fuller form of name | (David Theodore) |
| 9 (RLIN) | 30141 |
| 700 1# - ADDED ENTRY--PERSONAL NAME | |
| Personal name | McCracken, William L. |
| Title of a work | Removable partial prosthodontics. |
| 9 (RLIN) | 30142 |
| 942 ## - ADDED ENTRY ELEMENTS (KOHA) | |
| Source of classification or shelving scheme | Dewey Decimal Classification |
| Item type | |
| Withdrawn status | Item status | Source of classification or shelving scheme | Damaged status | Not for loan | Vendor | Home library | Current library | Shelving location | Date acquired | Source of acquisition | Cost, normal purchase price | Serial Enumeration / chronology | Total Checkouts | Total Renewals | Full call number | Barcode | Checked out | Date last seen | Date last borrowed | Koha item type |
|---|---|---|---|---|---|---|---|---|---|---|---|---|---|---|---|---|---|---|---|---|
| Dewey Decimal Classification | Donation-Gift | Central Library | Central Library | First floor | 18/06/2012 | Donation | 450.00 | 15307 | 3 | 2 | 617.692 MCC | 000026836 | 18/01/2025 | 15/04/2024 | 15/04/2024 | Book - Borrowing | ||||
| Dewey Decimal Classification | Donation-Gift | Central Library | Central Library | First floor | 27/06/2012 | Donation | 450.00 | 15360 | 6 | 24 | 617.692 MCC | 000026882 | 15/07/2025 | 17/02/2022 | Book - Borrowing | |||||
| Dewey Decimal Classification | Central Library | Central Library | First floor | 29/01/2013 | 900.00 | 02516 | 3 | 23 | 617.692 MCC | 000027921 | 13/05/2024 | 03/12/2023 | 03/12/2023 | Book - Borrowing |